Normal view
MARC view
- Pattern perception
Entry Topical Term
001 - CONTROL NUMBER
- control field: 95444
003 - CONTROL NUMBER IDENTIFIER
- control field: NUST
005 - DATE AND TIME OF LATEST TRANSACTION
- control field: 20220727105807.0
008 - FIXED-LENGTH DATA ELEMENTS
- fixed length control field: 220727|| aca||aabn | a|a d
040 ## - CATALOGING SOURCE
- Original cataloging agency: NUST
- Transcribing agency: NUST
150 ## - HEADING--TOPICAL TERM
- Topical term or geographic name entry element: Pattern perception
670 ## - SOURCE DATA FOUND
- Source citation: Work cat.: (NUST)175349: Computer-aided intelligent recognition techniques and applications /, c2005.
